| 000 | 00585nam a2200241Ia 4500 | ||
|---|---|---|---|
| 005 | 20250425162032.0 | ||
| 008 | 250425s9999 xx 000 0 und d | ||
| 020 | _a0130831344 | ||
| 041 | _aeng | ||
| 082 | _a574.5 | ||
| 100 | _aNEBEL, BERNARD J | ||
| 245 | 0 | _aENVIRONMENTAL SCIENCE : THE WAY THE WORLD WORKS | |
| 250 | _a7TH ED. | ||
| 260 |
_aEstados Unidos _bPRENTICE HALL _c2000 |
||
| 260 | _aJERSEY CITY | ||
| 300 | _a664 | ||
| 650 | _aBIODIVERSIDAD | ||
| 650 | _aECOLOGIA | ||
| 650 | _aECOSISTEMAS | ||
| 650 | _aMEDIO AMBIENTE | ||
| 942 | _c01 | ||
| 010 | _a41498 | ||
| 999 |
_c221034 _d221034 |
||